000 01044cam a2200325 a 4500
008
020 _a0080157211 (hbk.)
049 _aMAIN
090 _aQP165
100 1 _aSkoryna, Stanley C.
245 1 0 _aIntestinal absorption of metal ions, trace elements, and radionuclides /
_cedited by S. C. Skoryna and D. Waldron-Edward ; foreword by Henry L. Bockus.
250 _a1st ed.
260 _aOxford , :
_bPergamon Press,
_c[1971]
300 _axv, 431 p. :
_bill. ;
_c26 cm.
504 _aIncludes bibliographical references.
650 0 _aIntestinal absorption.
650 0 _aMetal ions.
650 0 _aTrace elements.
650 0 _aRadioisotopes.
650 2 _aIntestinal Absorption.
650 2 _aMetals
_xmetabolism.
650 2 _aRadioisotopes
_xmetabolism.
650 2 _aTrace Elements
_xmetabolism.
700 1 _aWaldron-Edward, Deirdre.
907 _a.b10055642
_b13-07-05
_c17-04-03
003
005 20230123133231.0
040 _cNUST
942 _cBOOKS
_kQP165
999 _c145066
_d145066